| 000 | 00908nam a2200229Ia 4500 | ||
|---|---|---|---|
| 001 | 10656 | ||
| 003 | GE_BSU | ||
| 008 | 181216s||||||||xx |||||||||||||| ||und|| | ||
| 020 | _a9789994031528 | ||
| 040 | _cGE_BSU | ||
| 080 | _a821.14'01–84 | ||
| 245 | _aოდესღაც ძველ საბერძნეთში. | ||
| 245 | _cსახალისო ამბები შეაგროვა და ძველი ბერძნულიდან თარგმნა ნანა ტონიამ;რედ.რუსუდან ბურჯანაძე. | ||
| 260 | _aთბილისი. | ||
| 260 | _bლოგოსი. | ||
| 260 | _c2007. | ||
| 300 | _a150გვ;20სმ. | ||
| 300 | _eსაკუთარ სახ.საძ.გვ:140–149. | ||
| 541 | _h8ლ. | ||
| 653 | _aოდესღაც ძველ საბერძნეთში. | ||
| 942 | _cBK | ||
| 999 |
_c43907 _d43907 |
||